Pharmocracy: (Record no. 139121)

MARC details
000 -LEADER
fixed length control field 00641nam a22001937a 4500
005 - DATE AND TIME OF LATEST TRANSACTION
control field 20240620121858.0
010 ## - LCCN (DPL NO)
LC control number ENG-117787
020 ## - INTERNATIONAL STANDARD BOOK NUMBER
International Standard Book Number 9789386392473
Terms of availability 1095.00
035 ## - SYSTEM CONTROL NUMBER
System control number EN-101319
037 ## - SOURCE OF ACQUISITION
Source of stock number/acquisition DBAD/PUB
082 ## - DEWEY DECIMAL CLASSIFICATION NUMBER
Classification number 338.88716151
100 ## - MAIN ENTRY--PERSONAL NAME
Personal name Kaushik Sunder Rajan
245 ## - TITLE STATEMENT
Title Pharmocracy:
Remainder of title Value,politics,and knowledge in global biomedicine/
Statement of responsibility, etc By Kaushik Sunder Rajan
260 ## - PUBLICATION, DISTRIBUTION, ETC. (IMPRINT)
Place of publication, distribution, etc Telangana,India
Name of publisher, distributor, etc Orient Blackswan
Date of publication, distribution, etc 2017
270 ## - ADDRESS
Address 3-6-752 Himayatnagar,
City Hyderabad (Telangana)
Postal code 500029
300 v# - PHYSICAL DESCRIPTION
Extent xiv,328p:
Dimensions 23cm (Hb)
500 ## - GENERAL NOTE
General note Included index
942 ## - ADDED ENTRY ELEMENTS (KOHA)
Source of classification or shelving scheme Dewey Decimal Classification
Item type English Books
Call number suffix RAJ
Classification part 338.88716151
Holdings
Withdrawn status Lost status Not for loan Collection code Home library Current library Date acquired Source of acquisition Cost, normal purchase price Full call number Barcode Copy number Cost, replacement price Koha item type
      Non-fiction Central Library Central Library 20/04/2017 DBAD 1095.00 338.88716151 RAJ EN-101319 1 1095.00 English Books

© Delhi Public Library
Hit Counter
free hit counter